ਰੁੱਬ ਦੇ ਸ਼ਰੀਕ : (Record no. 110441)

MARC details
000 -LEADER
fixed length control field 00944nam a22002417a 4500
010 ## - LIBRARY OF CONGRESS CONTROL NUMBER
LC control number B-210448
020 ## - INTERNATIONAL STANDARD BOOK NUMBER
Terms of availability 175.00
035 ## - SYSTEM CONTROL NUMBER
System control number B-210448
037 ## - SOURCE OF ACQUISITION
Stock number Cen Lib/Ret
040 ## - CATALOGING SOURCE
Original cataloging agency DPL
Language of cataloging PA
082 ## - DEWEY DECIMAL CLASSIFICATION NUMBER
Classification number
Item number ਨਰਿੰਦ
100 ## - MAIN ENTRY--PERSONAL NAME
Personal name ਨਰਿੰਦਰਪਾਲ ਸਿੰਘ ਕੋਮਲ
9 (RLIN) 60574
245 ## - TITLE STATEMENT
Title ਰੁੱਬ ਦੇ ਸ਼ਰੀਕ :
Statement of responsibility, etc ਨਰਿੰਦਰਪਾਲ ਸਿੰਘ ਕੋਮਲ
Remainder of title ਨਾਵਲ
246 ## - VARYING FORM OF TITLE
Title proper/short title Rabb de shareek /
Remainder of title by Narinderpal Singh Komal
260 ## - PUBLICATION, DISTRIBUTION, ETC. (IMPRINT)
Place of publication, distribution, etc ਚੰਡੀਗੜ੍ਹ
Name of publisher, distributor, etc ਲੋਕਗੀਤ ਪਰ੍ਕਾਸ਼ਨ
Date of publication, distribution, etc 2006
270 ## - ADDRESS
Address S.C.O. 26-27 Sector 34 A
City ਚੰਡੀਗੜ੍ਹ
Postal code 160022
300 ## - PHYSICAL DESCRIPTION
Extent 168p ;
Other physical details 24cm(Hb)
650 ## - SUBJECT ADDED ENTRY--TOPICAL TERM
Topical term or geographic name as entry element ਸਾਹਿਤ --ਪੰਜਾਬੀ
9 (RLIN) 127201
650 ## - SUBJECT ADDED ENTRY--TOPICAL TERM
Topical term or geographic name as entry element ਪੰਜਾਬੀ -- ਨਾਵਲ
9 (RLIN) 127202
650 ## - SUBJECT ADDED ENTRY--TOPICAL TERM
Topical term or geographic name as entry element literature--Punjabi
9 (RLIN) 127203
650 ## - SUBJECT ADDED ENTRY--TOPICAL TERM
Topical term or geographic name as entry element Punjabi-- noval
9 (RLIN) 115816
942 ## - ADDED ENTRY ELEMENTS (KOHA)
Source of classification or shelving scheme Dewey Decimal Classification
Koha item type Punjabi Bks
Classification part
Call number suffix ਨਰਿੰਦ
Holdings
Withdrawn status Lost status Damaged status Not for loan Home library Current library Date acquired Source of acquisition Cost, normal purchase price Total Checkouts Full call number Barcode Date last seen Copy number Cost, replacement price Price effective from Koha item type
        Central Library Central Library 21/01/2016 Cen Lib/Ret 175.00   ਓ ਨਰਿੰਦ B-210448 21/01/2016 1 175.00 21/01/2016 Punjabi Bks

© Delhi Public Library
Hit Counter
free hit counter